1674 1542 1147 1158 1710 1341 1442 1141 1088 1531 1511 1136 1493 1109 1274 1996 1841 1577 1784 1935 1011 1711 1780 1971 1080 1993 1302 1076 1407 1009 1785 1629 1542 1614 1942 1820 1826 1407 1382 1473 1880 1053 1595 1976 1314 1683 1991 1725 1518 1859 1888 1413 1209 1318 1198 1054 1256 1259 1236 1854 1220 1650 1848 1743 1714 1827 1280 1315 1060 1081 1424 1336 1242 1532 1830 1029 1922 1260 1054 1135 1605 1369 1201 1374 1316 1520 1590 1421 1451 1311 1338 1330 1020 1029 1594 1843 1126 1083 1895 BCNSPRNW ULIB Ver.6.0+V

เปลี่ยนเป็นภาษาไทย

Change to English
 แสดงรายละเอียดบรรณานุกรม
  กลับหน้าหลัก

Brief Record : Get Marc (ISO 2709) : E-mail record : QR code < ปิดหน้าต่าง
LEADER : 00000nam 2200000uu 4500
001    13399128501
003     ULIB
008    020711s2565 th a 000 0 tha d
020    ^a9786165784412
050    ^aBF158.1^bพ147ค
100 0  ^aพงษกรณ์ พรไพศาล
245    ^aคัมภีร์สร้างความรวย ฉบับคนไม่เอาถ่าน
250    ^aพิมพ์ครั้งที่ 1
260    ^aกรุงเทพฯ :^bเพชรประกาย,^c2565
300    ^a240 หน้า ;^c19 ซม.
650    ความสำเร็จ
650    การพัฒนาตนเอง
945    ^p225^l0^i010264
999    ^aประนอม เกษจรัล
รายการนี้ยังไม่มีแท็ก
คุณยังไม่ได้ล็อกอิน คุณสามารถมีกิจกรรมร่วมกับเว็บไซต์ได้ แต่ต้องล็อกอินก่อน ::
  ล็อกอิน

รายการสื่อสารสนเทศ

ลำดับที่ ประเภท เลขเรียก/บาร์โค้ด สถานที่ สถานะ
1. การศึกษาทั่วไป
การศึกษาทั่วไป
BF158.1 พ147ค ฉ.1 
  Barcode: 010264
ห้องสมุดวิทยาเขตสวรรค์ประชารักษ์
►หนังสือทั่วไป
บนชั้น

รายการใกล้เคียง
    ชื่อเรื่อง [คัมภีร์สร้างความรวย ฉบับคนไม่เอาถ่าน]

    ผู้แต่ง [พงษกรณ์ พรไพศาล]

    หัวเรื่อง [ความสำเร็จ]
    หัวเรื่อง [การพัฒนาตนเอง]

BibComment


ยังไม่เคยถูกคอมเมนท์

คอมเมนท์ทรัพยากรรายการนี้
  คอมเมนท์: คัมภีร์สร้างความ..


 Copyright 2026. Bcnsprnw @Library